| 000 | 004020000a22001450004500 | ||
|---|---|---|---|
| 090 |
_aAR _b00044 |
||
| 245 | 1 | 0 | _aEcological experiments with model systems |
| 650 | 1 | 4 |
_aMétodos de investigación _992859 |
| 650 | 1 | 4 |
_aModelación ecológica _93621 |
| 650 | 1 | 4 |
_aEcología _992250 |
| 041 | 0 | _aInglés | |
| 100 | 1 |
_aLawton, John H. _992860 |
|
| 942 | _cARTICULO | ||
| 773 | 1 |
_tScience _3685 _q328-331 _d1995 _g269 |
|
| 999 |
_c9147 _d9147 |
||